000
00179 a2200097 4500
020
_a
9786076212141
041
_a
spa
100
_a
Cecil Kim
245
_a
En la escuela
942
_c
K
999
_c
29455
_d
29453